000
00368nam a2200133Ia 4500
008
100328s9999 xx 000 0 und d
082
_b
48210
100
_a
भेण्डे सुभाष
245
_a
हलक फुलक
260
_b
श्रीविद्या
630
_a
हलक फुलक
730
_a
हलक फुलक
942
_c
BOOK
999
_c
535873
_d
535870